| 000 | 01604 a2200253 4500 | ||
|---|---|---|---|
| 001 | 15434 | ||
| 005 | 20260407155450.0 | ||
| 008 | 260407a1987 arg spa d | ||
| 003 | AR-UNSa-BCEJYS | ||
| 040 |
_aAR-UNSa-BCEJYS _bspa _cAR-UNSa-BCEJYS |
||
| 080 |
_a347.736 _xQuiebra. Insolvencia. Suspensión de pagos. Bancarrota, procedimientos. Derecho Concursal |
||
| 245 | 1 | 0 |
_aConcursos _pComentario exegético de la Ley 19.551 con las reformas de la Ley 22.917 y jurisprudencia actualizada |
| 020 | _a950-508-171-5 | ||
| 250 | _a3a. ed. | ||
| 264 | 1 |
_aBuenos Aires : _bAstrea _c1987 |
|
| 300 |
_axl, 617 p. _c23 cm. |
||
| 505 | _a1. Concurso preventivo.Requisitos - 2. Apertura - 3. Trámite hasta la junta - 4. Contenido y votación del acuerdo preventivo - 5. Impugnación, homolagación, cumplimiento y nulidad del acuerdo -- 1. Quiebra. Declaración - 2. Efectos de la quiebra - 3. Extensión de la quiebra y responsabilidad de terceros - 4. Incautación, conservación y administración de los bienes - 5. Período informativo de la quiebra - 6. Liquidación y distribución - 7. Conclusión de la quiebra - 8. Clausura del procedimiento - 9. Calificación de conducta del fallido y de terceros - 10. Rehabilitación -- 1. Privilegios - 2. Funcionarios y empleados de los concursos - 3. Reglas procesales -- 1. Disposiciones complementarias y transitorias.Registro nacional de concursos | ||
| 942 | _cBK | ||
| 590 | _aniveau_biblio:m niveau_hierar:0 | ||
| 100 | 1 | _aFassi, Santiago C. | |
| 700 | 1 | _aGebhardt, Marcelo | |
| 650 | _aLey 19.551 Ley 22.917 | ||
| 650 | _a ley 19 551 ley 22 917 | ||
| 999 |
_c648 _d648 |
||